000 00810nam a2200253Ia 4500
003 OSt
005 20220926015113.0
006 a|||||r|||| 00| 0
007 ta
008 220923b |||||||| |||| 00| 0 eng d
020 _a9781604569049
_c3721.2199999999998
037 _bINSAT/42, 04/09/2009, Insat Books & Periodicals
_cGeneral Book
040 _aRTL
_cRTL
_beng
041 _2eng
_aeng
082 _aU:(G:55), P8
100 _aTheobald Robert H
_9321612
245 0 _aEnvironmental management.
260 _aNew York
_bNova Science Publishers
_c2008
300 _axv, 429p
_ccm.
500 _aBibliography chapterwise
650 _aGeography
942 _hU:(G:55), P8
_cGB
_2CC
999 _c630571
_d630571